Normal view
MARC view
Entry Personal Name
001 - CONTROL NUMBER
- control field: 7409
003 - CONTROL NUMBER IDENTIFIER
- control field: ARRUPE
005 - DATE AND TIME OF LATEST TRANSACTION
- control field: 20140130144020.0
008 - FIXED-LENGTH DATA ELEMENTS
- fixed length control field: 140130|| aca||aabn | a|a d
040 ## - CATALOGING SOURCE
- Original cataloging agency: ARRUPE
- Transcribing agency: ARRUPE
100 ## - HEADING--PERSONAL NAME
- Personal name: Davis, Howard,
- Titles and other words associated with a name: Dr.
670 ## - SOURCE DATA FOUND
- Source citation: Work cat.: (ARRUPE)0: Will the future work? :, c1985